| 000 | 00566nam a2200241Ia 4500 | ||
|---|---|---|---|
| 003 | OSt | ||
| 005 | 20220912152549.0 | ||
| 006 | a|||||r|||| 00| 0 | ||
| 007 | ta | ||
| 008 | 220909b |||||||| |||| 00| 0 eng d | ||
| 024 | _a41228 | ||
| 037 | _cTextual | ||
| 040 |
_aCSL _beng _cCSL |
||
| 041 | _aeng | ||
| 082 | _aF5718, L1 | ||
| 100 | _aLow C M | ||
| 245 | 0 | _aRubber technology and manufacture | |
| 260 | _c1971 | ||
| 300 |
_ap. _ccm. |
||
| 650 | _aChemical technology | ||
| 942 |
_hF5718, L1 _cTEXL _2CC |
||
| 999 |
_c88750 _d88750 |
||